Southville International School and Colleges
Your cart is empty.
  • Cart
  • Lists
    Public lists Eva Luna New books Lux_list list_1
    Your lists Log in to create your own lists
  • Log in to your account
  • Your cookies
  • Search history
Southville International School and Colleges
  • Advanced search
  • Recent comments
  • Most popular
  • Libraries

Log in to your account

Log in with GOOGLE


If you do not have an external account, but do have a local account, you can still log in:

  1. Home
  2. MARC view: Twenty-two Malaysian stories:
Normal view MARC view ISBD view

Twenty-two Malaysian stories: (Record no. 24060)

[ view plain ]
MARC details
000 -LEADER
fixed length control field 00631nam a2200193 a 4500
005 - DATE AND TIME OF LATEST TRANSACTION
control field 20140310183506.0
008 - FIXED-LENGTH DATA ELEMENTS--GENERAL INFORMATION
fixed length control field 100921s19uu xx 00 eng d
020 ## - INTERNATIONAL STANDARD BOOK NUMBER
International Standard Book Number 997164018x
050 ## - LIBRARY OF CONGRESS CALL NUMBER
Classification number PZ 1
Item number .T918975 1993
245 ## - TITLE STATEMENT
Title Twenty-two Malaysian stories:
Remainder of title an anthology of writing in English /
260 ## - PUBLICATION, DISTRIBUTION, ETC. (IMPRINT)
Place of publication, distribution, etc Singapore :
Name of publisher, distributor, etc Heinemann Asia,
Date of publication, distribution, etc 1993.
300 ## - PHYSICAL DESCRIPTION
Extent 238 p. :
Dimensions 19 cm.
650 ## - SUBJECT ADDED ENTRY--TOPICAL TERM
Topical term or geographic name as entry element Short stories, Malayasian (English)
650 ## - SUBJECT ADDED ENTRY--TOPICAL TERM
Topical term or geographic name as entry element Malaysian fiction( English)
650 ## - SUBJECT ADDED ENTRY--TOPICAL TERM
Topical term or geographic name as entry element Malaysia--Social life and customs--fiction.
700 ## - ADDED ENTRY--PERSONAL NAME
Personal name selected and edited by Lloyd Fernando
942 ## - ADDED ENTRY ELEMENTS (KOHA)
Koha item type Books
Source of classification or shelving scheme Library of Congress Classification
Call number prefix Foreign
Holdings
Withdrawn status Lost status Source of classification or shelving scheme Damaged status Home library Current library Shelving location Date acquired Total Checkouts Full call number Barcode Date last seen Copy number Price effective from Koha item type
    Library of Congress Classification   College Library College Library General Circulation Section 09/21/2010   PZ 1 .T918975 1993 C11415 05/15/2018 1 10/18/2013 Books

Twenty-two Malaysian stories:

APA

selected and edited by Lloyd Fernando, . (1993). Twenty-two Malaysian stories. Singapore: Heinemann Asia.

Chicago

selected and edited by Lloyd Fernando, . 1993. Twenty-two Malaysian stories. Singapore: Heinemann Asia.

Harvard

selected and edited by Lloyd Fernando, . (1993). Twenty-two Malaysian stories. Singapore: Heinemann Asia.

MLA

selected and edited by Lloyd Fernando, . Twenty-two Malaysian stories. Singapore: Heinemann Asia. 1993.

  • Place hold
  • Print
  • Cite
  • Add to your cart (remove)
  • Save record
    BIBTEX Dublin Core MARCXML MARC (non-Unicode/MARC-8) MARC (Unicode/UTF-8) MARC (Unicode/UTF-8, Standard) MODS (XML) RIS
  • More searches
    Search for this title in:
    Other Libraries (WorldCat) Other Databases (Google Scholar) Online Stores (Bookfinder.com) Open Library (openlibrary.org)

Exporting to Dublin Core...

SOUTHVILLE LIBRARY

Southville International School and Colleges Library

1281 Tropical Ave. Cor. Luxembourg St., BF Homes International, Las Pinas City

Tel. No. 8256374 / 252358 Loc. 117/146

Powered by Koha